Gender and media diversity journal: (Record no. 126664)

MARC details
000 -LEADER
fixed length control field 00897cas a2200253 a 4500
008 - FIXED-LENGTH DATA ELEMENTS--GENERAL INFORMATION
fixed length control field
050 00 - LIBRARY OF CONGRESS CALL NUMBER
Classification number SCP94.5.W652
Item number GEN
003 - CONTROL NUMBER IDENTIFIER
control field
005 - DATE AND TIME OF LATEST TRANSACTION
control field 20230123122031.0
040 ## - CATALOGING SOURCE
Transcribing agency NUST
049 ## - LOCAL HOLDINGS (OCLC)
Holding library MAIN
245 00 - TITLE STATEMENT
Title Gender and media diversity journal:
Remainder of title gender, popular culture and Media Freedom
246 3# - VARYING FORM OF TITLE
Title proper/short title Southern African media diversity journal
260 ## - PUBLICATION, DISTRIBUTION, ETC.
Place of publication, distribution, etc. Johannesburg, South Africa :
Name of publisher, distributor, etc. Gender Links
310 ## - CURRENT PUBLICATION FREQUENCY
Current publication frequency Semiannual
362 1# - DATES OF PUBLICATION AND/OR SEQUENTIAL DESIGNATION
Dates of publication and/or sequential designation Began with issue 3, copyrighted 2007.
500 ## - GENERAL NOTE
General note Issues have also thematic titles.
650 #0 - SUBJECT ADDED ENTRY--TOPICAL TERM
Topical term or geographic name entry element Mass media and women
Geographic subdivision Africa, Southern
Form subdivision Periodicals.
650 #0 - SUBJECT ADDED ENTRY--TOPICAL TERM
Topical term or geographic name entry element Mass media
General subdivision Social aspects
Geographic subdivision Africa, Southern
Form subdivision Periodicals.
650 #0 - SUBJECT ADDED ENTRY--TOPICAL TERM
Topical term or geographic name entry element Gender identity in mass media
Form subdivision Periodicals.
710 2# - ADDED ENTRY--CORPORATE NAME
Corporate name or jurisdiction name as entry element Gender and Media Diversity Centre.
907 ## - LOCAL DATA ELEMENT G, LDG (RLIN)
a .b10335857
b 22-10-13
c 22-10-13
942 ## - ADDED ENTRY ELEMENTS (KOHA)
Koha item type Ordinary Loan Books
Holdings
Date last seen Total Checkouts Full call number Barcode Cost, replacement price Price effective from Koha item type Lost status Source of classification or shelving scheme Damaged status Not for loan Collection Withdrawn status Home library Current library Shelving location Date acquired Cost, normal purchase price
01/23/2023   SCP94.5.W652 GEN 92004040747 80.00 01/23/2023 BOOKS   lcc     NFIC   MAIN MAIN GEN 01/23/2023 80.00